|
|
|
|
| LEADER |
00000caa a2200000 c 4500 |
| 001 |
141783059X |
| 003 |
DE-627 |
| 005 |
20240617173343.0 |
| 007 |
tu |
| 008 |
110726s1998 xx ||||| 00| ||ger c |
| 020 |
|
|
|a 3000032460
|
| 035 |
|
|
|a (DE-627)141783059X
|
| 035 |
|
|
|a (DE-576)347830595
|
| 035 |
|
|
|a (DE-599)BSZ347830595
|
| 040 |
|
|
|a DE-627
|b ger
|c DE-627
|e rakwb
|
| 041 |
|
|
|a ger
|
| 100 |
1 |
|
|a Meyer, Matthias
|4 aut
|
| 245 |
1 |
4 |
|a Das wiedervereinte Deutschland
|b ein neuer Standort des BKA
|c Matthias Meyer
|
| 264 |
|
1 |
|c 1998
|
| 336 |
|
|
|a Text
|b txt
|2 rdacontent
|
| 337 |
|
|
|a ohne Hilfsmittel zu benutzen
|b n
|2 rdamedia
|
| 338 |
|
|
|a Band
|b nc
|2 rdacarrier
|
| 773 |
0 |
8 |
|i In
|t Festschrift für Horst Herold zum 75. Geburtstag
|d Wiesbaden : Bundeskriminalamt, 1998
|g (1998), Seite 335 - 342
|h 651 S.
|w (DE-627)251568644
|w (DE-576)07036107X
|z 3000032460
|7 nnam
|
| 773 |
1 |
8 |
|g year:1998
|g pages:335 - 342
|
| 889 |
|
|
|w (DE-627)539074640
|
| 935 |
|
|
|a mkri
|
| 935 |
|
|
|i mdedup
|
| 951 |
|
|
|a AR
|
| ELC |
|
|
|b 1
|
| LOK |
|
|
|0 000 xxxxxcx a22 zn 4500
|
| LOK |
|
|
|0 001 2899443992
|
| LOK |
|
|
|0 003 DE-627
|
| LOK |
|
|
|0 004 141783059X
|
| LOK |
|
|
|0 005 20260209082746
|
| LOK |
|
|
|0 008 160208||||||||||||||||ger|||||||
|
| LOK |
|
|
|0 040
|a DE-21-110
|c DE-627
|d DE-21-110
|
| LOK |
|
|
|0 689
|a s
|a Wiedervereinigung
|
| LOK |
|
|
|0 852
|a DE-21-110
|
| LOK |
|
|
|0 852 1
|m p
|9 00
|
| LOK |
|
|
|0 935
|a k110
|
| LOK |
|
|
|0 938
|k p
|
| LOK |
|
|
|0 939
|a 08-02-16
|b l01
|
| ORI |
|
|
|a WA-MARC-krimdoka001.raw
|